000 00803nam a2200169 a 4500
008 080402s2001 ||||||||||||||||| || u
050 _aIBRD-IFC(08)DP/43
100 _aSchiffer, Mirjam
245 1 0 _aFirm size and the business environment: worldwide survey results
260 _aWashington, D.C.
_bWorld Bank
_c2001
350 _a0.00
490 _aInternational Finance Corporation Discussion Papers
650 7 _aBUSINESS ENTERPRISES
_2fast
700 _aWeder, Beatrice
995 _aSPECIAL COLLECTIONS
_D0.00
_e45846
_FCBU-MAIN LIBRARY (Kitwe)
_H1
_I0.00
_jIBRD-IFC(08)DP/43B
_M2
_UAVAILABLE
_WApr 2, 2008
_y45846
_ZInternational Publications
995 _aSPECIAL COLLECTIONS
_D0.00
_e45484
_FCBU-MAIN LIBRARY (Kitwe)
_H1
_I0.00
_jIBRD-IFC(08)DP/43A
_M1
_UAVAILABLE
_WApr 2, 2008
_y45484
_ZInternational Publications
999 _c63141
_d63141